Knowledge-based risk management in engineering : a case study in human-computer cooperative systems
Αποθηκεύτηκε σε:
| Κύριος συγγραφέας: | |
|---|---|
| Μορφή: | Βιβλίο |
| Γλώσσα: | English |
| Δημοσίευση: |
New York :
Wiley,
c1989
|
| Σειρά: | Wiley series in engineering and technology management
|
| Θέματα: | |
| Ετικέτες: |
Προσθήκη ετικέτας
Δεν υπάρχουν, Καταχωρήστε ετικέτα πρώτοι!
|
MARC
| LEADER | 00000cam a2200000 i 4500 | ||
|---|---|---|---|
| 001 | 1/35311 | ||
| 008 | 941103s1989 eng d | ||
| 020 | |a 047162893X | ||
| 035 | |l 10039916 | ||
| 035 | |a 1990 |c ΔΑΡΖΕΝΤΑΣ | ||
| 040 | |a GR-MY-UA |b gre |e aacr | ||
| 041 | 0 | |a eng | |
| 082 | 0 | |a 658 | |
| 100 | 1 | |a Niwa, Kiyoshi. | |
| 245 | 1 | 0 | |a Knowledge-based risk management in engineering : |b a case study in human-computer cooperative systems / |c Kiyoshi Niwa |
| 260 | |a New York : |b Wiley, |c c1989 | ||
| 300 | |a xi, 132 p.; |b ill.; |c 24 cm. | ||
| 490 | 1 | |a Wiley series in engineering and technology management | |
| 500 | |a "A Wiley-Interscience publication." | ||
| 500 | |a Includes bibliographies and index | ||
| 650 | 0 | 0 | |a Engineering |x Management |x Data processing. |
| 650 | 0 | 0 | |a Expert systems (Computer science) |
| 650 | 0 | 0 | |a Technology |x Risk assessment. |
| 830 | 0 | |a Wiley series in engineering and technology management | |
| 852 | |a INST |b SAMOS |e 19941103 |h 658 NIW |p 005300000745 |q 005300000745 |t BK |y 0 | ||
| 909 | |a Σ |b 018202 | ||